00260nam a2200097Ia 4500008004100000100001900041245003400060260004200094260000900136999001700145170620s9999 xx 000 0 und d aRudramamba- B. 0aMethods of Teaching Economics bNew Delhi- Discovery Publishing House c2007 c24443d24443